THERAPEUTIC MODALITIES IN REHABILITATION (Record no. 800043)

MARC details
000 -LEADER
fixed length control field 00397pam a2200157 a 4500
020 ## - INTERNATIONAL STANDARD BOOK NUMBER
International Standard Book Number 9780071737692
Terms of availability
041 ## - LANGUAGE CODE
Language code of original
082 ## - DEWEY DECIMAL CLASSIFICATION NUMBER
Classification number 617.3
Item number PRE
100 ## - MAIN ENTRY--PERSONAL NAME
Personal name PRENTICE W.E., QUILLEN W.S., UNDERWOOD F.
245 ## - TITLE STATEMENT
Title THERAPEUTIC MODALITIES IN REHABILITATION
Medium Textual Documents
250 ## - EDITION STATEMENT
Edition statement 4.
260 ## - PUBLICATION, DISTRIBUTION, ETC.
Name of publisher, distributor, etc. MCGRAW HILL
Date of publication, distribution, etc. 2011
300 ## - PHYSICAL DESCRIPTION
Extent 598:
Other physical details XXII;
Dimensions HB.
650 ## - SUBJECT ADDED ENTRY--TOPICAL TERM
Topical term or geographic name entry element ORTHO
930 ## - EQUIVALENCE OR CROSS-REFERENCE-UNIFORM TITLE HEADING [LOCAL, CANADA]
Uniform title 5516
Holdings
Withdrawn status Lost status Damaged status Not for loan Collection Home library Current library Date acquired Source of acquisition Cost, normal purchase price Total Checkouts Full call number Barcode Date last seen Copy number Price effective from Koha item type
          Medical College & Hospital, Sangli Medical College & Hospital, Sangli 02/10/2012 B.M.S.G.B.PUNE 2992.08   617.3 PRE MCS-10574 26/07/2023 1 26/07/2023 Book